02354cam a22003975a 450000100090000000300090000900500170001800800410003502000230007604000380009908200200013710000460015724501190020325000200032226400540034230000290039633600260042533700280045133800270047949000490050650400510055550502830060652003290088965000540121865000460127265100100131865300270132865500240135570000680137970000390144777601740148694200120166099900170167295201260168995201410181518981790EG-ScBUE20220413123243.0160219s2018 enk f b 001 0 eng d z9781781790793 (pb) aDLCbengerdacDLCdDLCdEG-ScBUE04a401.41bYOU2221 aYoung, Lynnec(Linguist),eauthor.94187114aThe power of language :bhow discourse influences society /cLynne Young, Michael Fitzgerald and Saira Fitzgerald. aSecond edition. 1aSouth Yorkshire :bEquinox Publishing Ltd,c2018. axii, 381 pages ;c24 cm. 2rdacontentatextbtxt 2rdamediaaunmediatedbn 2rdacarrieravolumebnc0 aEquinox textbooks and surveys in linguistics aIncludes bibliographical references and index.0 tLanguage and international conflict -- tLanguage and political fear -- tLanguage and racism -- tLanguage and advertising -- tLanguage and organizations -- tLanguage in modern trends -- tPower in spoken language -- tMultimodal communication -- tLanguage and social media. aThe second edition of this highly regarded textbook is designed to introduce students at the tertiary level to both Systemic Functional Linguistics and Critical Discourse Analysis. It develops critical analytical skills by rooting analysis in SFL methodology so that students can learn to analyze a range of discourse types. 7aDiscourse analysisxSocial aspects.2BUEsh940302 7aFunctionalism (Linguistics)2BUEsh940300 2BUEsh bHHUUEENNcNovember2018 vReading book9342321 aFitzgerald, Michaelc(Author of The power of language)eauthor.1 aFitzgerald, Saira,eauthor.94187208iOnline version:aYoung, Lynne, author.tPower of languagebSecond Edition.dSheffield, UK ; Bristol, CT : Equinox Publishing Ltd, [2016]z9781781794425w(DLC) 2016009277 2ddccBB c26931d26903 00102ddc40708BaccahaMAINbMAINc2NDd2018-11-03ePurchaseg750.00l0o401.41 YOUp000043749r2025-07-15 00:00:00yNB 00102ddc40708BaccahaMAINbMAINc2NDd2018-11-03ePurchaseg750.00l1m2o401.41 YOUp000043750r2025-07-15 00:00:00s2021-12-01yBB